Normal view
MARC view
- العدالة التنظيمية
Entry Topical Term
001 - CONTROL NUMBER
- control field: 63272
003 - CONTROL NUMBER IDENTIFIER
- control field: JO-AjAnu
005 - DATE AND TIME OF LATEST TRANSACTION
- control field: 20230606084329.0
008 - FIXED-LENGTH DATA ELEMENTS
- fixed length control field: 230606|| aca||aabn | a|a d
040 ## - CATALOGING SOURCE
- Original cataloging agency: JO-AjAnu
- Transcribing agency: JO-AjAnu
150 ## - HEADING--TOPICAL TERM
- Topical term or geographic name entry element: العدالة التنظيمية
670 ## - SOURCE DATA FOUND
- Source citation: Work cat.: (JO-AjAnu)32258: اعداد الجعفري، وفاء لطفي محمد؛ اشراف بلال احمد مثاني, author 63271, اثر العدالة التنظيمية في الاستغراق الوظيفي لدى العاملين في المؤسسة العامة للضمان الاجتماعي في الاردن: النمط القيادي كمتغير معدل = The Impact of Organizational Justice on Job Involovement for Employees at Social Security Corporation in Jordan, Leadership Style as a Moderating Variable